Qui a dit ? (version Harry Potter) - Statistiques

Statistiques générales
  • Ce quiz a été pris 95 fois
  • Le résultat moyen est 6 sur 9
Statistiques - réponses
Hint Réponse % Correct
On peut trouver le bonheur même dans les moments les plus sombres... Il suffit de se souvenir d'allumer la lumière. Albus Dumbledore
86%
C'est amusant de ne pas respecter.. le règlement ! Hermione Granger
85%
Il semble que malgré toutes vos belles stratégies défensives, il y ait un problème de sécurité Monsieur le directeur. Et je crains qu'il ne soit de taille. Harry Potter
82%
Et son nom est Voldemort, Filius autant que vous l'appeliez ainsi, il va essayer de vous tuer de toute façon. Minerva Mcgonagall
80%
La tuer ? mais c’était mon meilleur ami !… Ah ne vous en faites pas, vous n’êtes pas seul. Ce sont des créatures incomprises les araignées. Les yeux je pense, il y a des gens que ça perturbe… Rubeus Hagrid
76%
Non, ... ne voulait pas tuer ! Blesser très gravement, mutiler...Mais pas tuer ! Dobby
71%
Dans le monde il n'y a pas d'un côté le bien et le mal, il y a une part de lumière et d'ombre en chacun de nous. Ce qui compte c'est celle que l'on choisit de montrer dans nos actes, ça c'est ce que l'on est vraiment. Sirius Black
59%
Vous ne l'aimez pas beaucoup monsieur le ministre, mais reconaissez quand même qu'il ne manque pas de style. Kinglsey Shacklebolt
54%
C'est de la force des convictions que dépend la réussite, pas du nombre de partisans. Remus Lupin
41%
Aucun quiz correspondant
Distribution des résultats
% des personnes avec chaque résultat
Percentile par nombre de réponses
Votre historique - résultats
Vous n’avez pas pris ce quiz